000 00380nam a22001457a 4500
005 20170818094421.0
008 170818b xxu||||| |||| 00| 0 eng d
040 _cPK-LaUMT
082 _a152.46
_bTAR-T
100 _aTareen, K. I
245 _aTowards understanding depression & anxiety /
_cK. I. Tareen
260 _aLahore :
_bWajidalis,
_c1980
300 _a60 p.
942 _cBK
999 _c97388
_d97388